Word Ladder: 'Straight' Math Quiz Stats

 Plays Quiz Updated Jan 29, 2015

Challenge
Share
Tweet
Embed
Score 0/16 Timer 02:00
2 Plays Today
Clue 4-Letter Word % Correct
It runs from a runny noseSNOT
92.4%
A trig functionSINE
91.9%
Of sound mindSANE
91.1%
Penny, to the BeatlesLANE
88%
The largest human organSKIN
84.3%
A term for a kingSIRE
82.9%
y = mx + bLINE
78.9%
Put a set of numbers into orderSORT
78.9%
Clue 4-Letter Word % Correct
Santa's suit spoilerSOOT
78.7%
Similar toAKIN
78.6%
A humorous staged dialogSKIT
76.3%
Angry or painedSORE
76%
A state of agitationSNIT
74.5%
Ugandan despot IdiAMIN
63%
British authors Kingsley or MartinAMIS
38.7%
y=0 or x=0, e.g.AXIS
36.9%

Today's Daily Dose

Missing Word
Podcasts A-Z

Word Ladder
Rowing

On This Day
January 22nd II

You're not logged in!

Compare scores with friends on all Sporcle quizzes.
OR
Log In

You Might Also Like...

Show Comments

Extras

Top Quizzes Today


Score Distribution

Your Account Isn't Verified!

In order to create a playlist on Sporcle, you need to verify the email address you used during registration. Go to your Sporcle Settings to finish the process.

Report this User

Report this user for behavior that violates our Community Guidelines.

Details: